Stavanie májov patrí medzi krásne zvyky

Podrobná bibliografia
Hlavný autor: Sabová, Mária Mgr (Autor)
Médium: Článok
Jazyk:slovenčina
Fyzický popis:Fotogr.
Predmet:

MARC

LEADER 00000nab a2200000 a 4500
001 vtls010117262
003 SK-MaSNL
005 20260305041045.0
008 100721c2010 xo qr| 0 0slo
038 |a RVGKPD 
040 |a RVGKPD  |b slo  |c RVGKPD  |e AACR2 
041 |a slo 
044 |a xo  |c SK 
080 |a 398.33  |2 1997 
100 1 |a Sabová, Mária  |c Mgr.  |4 aut  |9 1027452 
245 1 0 |a Stavanie májov patrí medzi krásne zvyky  |c Mária Sabová 
300 |b Fotogr. 
650 0 7 |a ľudové zvyky  |2 rvgkpd  |9 66558 
650 0 7 |a stavanie májov  |2 rvgkpd  |9 1047909 
651 7 |a Rakovnica (Slovensko)  |2 rvgkpd  |9 29093 
651 7 |a Rožňava (Slovensko : okres)  |2 rvgkpd  |9 19215 
773 0 |t Rakovnické obecné noviny  |g Roč. X, č. 3 (júl 2010), s. 6 
852 |a RVGKPD  |b KIS3G 
992 |a RBX 
999 |c 3341825  |d 3343755